The PAYTECH Book

שמור ב:
מידע ביבליוגרפי
מחבר ראשי: Chishti & Barberis
פורמט: ספר
יצא לאור: Wiley
נושאים:
תגים: הוספת תג
אין תגיות, היה/י הראשונ/ה לתייג את הרשומה!

MARC

LEADER 00000nam a2200000Ia 4500
005 20260427112637.0
526 |b FinTech 
100 |a Chishti & Barberis 
020 |a 9781119551911 
650 |a Payments 
526 |a Masters 
942 |c BK 
245 |a The PAYTECH Book 
260 |b Wiley 
999 |c 1  |d 1 
952 |0 0  |1 0  |4 0  |7 0  |8 3  |a BRISTOL  |b BRISTOL  |d 2026-04-22  |l 0  |p 000080  |r 2026-04-27 11:26:38  |w 2026-04-27  |y BK